Service systems management and engineering. Creating strategic differentiation and operational excellence

Gespeichert in:
Bibliographische Detailangaben
1. Verfasser: Chang, Ching M (VerfasserIn)
Format: Buch
Sprache:Englisch
Veröffentlicht: Hoboken, NJ., USA. John Wiley and Sons, 2010
Schlagworte:
Online-Zugang:Disponible Online
Tags: Tag hinzufügen
Keine Tags, Fügen Sie den ersten Tag hinzu!

MARC

LEADER 00000cam a2200000 a 4500
001 UCC1431
003 CL-VaPUC
005 20210812190240.0
008 171025e20100000us |||||||||||||||||eng|d
999 |c 369940  |d 369938 
020 |a 9780470423325 
040 |c Pontificia Universidad Católica de Valparaíso 
082 0 4 |a 658.403 CHA 2010  |2 21 
100 0 |a Chang, Ching M  |e author  |9 595524 
245 1 0 |a Service systems management and engineering.  |b Creating strategic differentiation and operational excellence 
260 |a Hoboken, NJ., USA.  |b John Wiley and Sons,  |c 2010 
300 |a 690 páginas  
583 |a last modification  |c 20171025 21:08:00  |k Rodrigo Vera 
650 0 |a Ingeniería de sistemas   |9 261019 
650 0 |a Sistemas de información   |9 260286 
650 0 |a Administración de sistemas de información   |2 CL-VaPUC  |9 262380 
856 |u http://bibliografiadigital.pucv.cl.pucv.idm.oclc.org/index.php/bibliotecapucv/catalog/book/651  |y Disponible Online  
942 |c BK  |2 ddc 
945 |d 20171025 21:08:00  |a dcastane 
952 |0 0  |1 0  |3 erd  |4 0  |6 658_403000000000000_CHA_2010  |7 0  |8 A  |9 486122  |a BIBING  |b BIBING  |i 5432855  |o 658.403 CHA 2010  |p 5432855  |r 2025-01-20  |w 2019-11-24  |y BK  |z Catalogado en:20171025  |k EII 
952 |0 0  |1 0  |3 erd  |4 0  |6 658_403000000000000_CHA_2010  |7 0  |8 A  |9 486123  |a BIBING  |b BIBING  |i 5432863  |o 658.403 CHA 2010  |p 5432863  |r 2025-01-20  |w 2019-11-24  |y BK  |z Catalogado en:20171025  |k EII